00626nam a2200253Ia 4500008004000000041000800040082001100048100002200059245009800081260004500179300001400224440000600238650000800244650001400252650001400266650001500280650001300295650001000308650001100318650001700329650001200346650000800358650000600366210210b1948 xxu||||| |||| 00| 0 eng d aeng a520/28 aBROWN (Charles H) aNichollss concise guide to the ministry of transport navigation examinations all grades Vol 2 aGlasgowbBrow, Son & Ferguson Ltd,c1948 axviii,463 a2 aVol atransport aNichollss anavigation aministry aguide agrades aexaminations aconcise aall a2